Западно-восточный диван: перевод

Detalhes bibliográficos
Autor principal: Гёте И. В. Иоганн Вольфганг фон
Autor Corporativo: Академия наук СССР (АН СССР)
Resumo:Часть текста парал. : перс., рус.
Idioma:russo
Publicado em: Москва, Наука, 1988
Colecção:Литературные памятники
Assuntos:
Formato: Livro
KOHA link:https://koha.lib.tpu.ru/cgi-bin/koha/opac-detail.pl?biblionumber=126447

MARC

LEADER 00000nam0a2200000 4500
001 126447
005 20231101220009.0
010 |a 5020127043 
020 |a RU  |b 88-22659 
035 |a (RuTPU)RU\TPU\book\136796 
090 |a 126447 
100 |a 20071128d1988 m y0rusy5003 ca 
101 1 |a rus  |c ger 
102 |a RU 
105 |a a z 001ay 
200 1 |a Западно-восточный диван  |e перевод  |f И. В. Гёте  |g Академия наук СССР (АН СССР) 
210 |a Москва  |c Наука  |d 1988 
215 |a 894,[1] с., [2] л. портр.  |c ил.  |d 17 см 
225 1 |a Литературные памятники 
300 |a Часть текста парал. : перс., рус. 
320 |a Библиогр. в примеч.: с. 709-878 
320 |a Указ.: с. 340-343. Указ. имен: с. 880-885 
327 0 |a В доп.: Стихотворения круга "Западно-восточного дивана"; Из восточных бумаг Гете; [Рецензия "Западно-восточного дивана"] / И. Г. Л. Козегартен; Стихотворения "Западно-восточного дивана" в пер. рус. поэтов. В прил.: Западно-восточный синтез в "Диване" Гете / И. С. Брагинский. "Западно-восточный диван" Гете: смысл и форма; Поэзия "Западно-восточного дивана" в русских переводах / А. В. Михайлов 
610 1 |a немецкая литература 
610 1 |a немецкие писатели 
675 |a 83  |z rus 
700 1 |a Гёте  |b И. В.  |c немецкий писатель  |f 1749-1832  |g Иоганн Вольфганг фон  |2 stltpush  |3 (RuTPU)RU\TPU\pers\1452  |9 641 
712 0 2 |a Академия наук СССР (АН СССР)  |2 stltpush  |3 (RuTPU)RU\TPU\col\722 
801 0 |a RU  |b RuMRKP  |c 19950417  |g psbo 
801 1 |a RU  |b 63413507  |c 20071128  |g PSBO 
801 2 |a RU  |b 63413507  |c 20071128  |g PSBO 
942 |c BK